书目信息 |
| 题名: |
中学语文文言虚词通释
|
|
| 作者: | 李建民 著 | |
| 分册: | ||
| 出版信息: | 广州 广东人民出版社 1982 |
|
| 页数: | 462页 | |
| 开本: | 19cm | |
| 丛书名: | ||
| 单 册: | ||
| 中图分类: | G634.3 , G633.3 | |
| 科图分类: | ||
| 主题词: | 古汉语虚词--中学--教学参考资料 | |
| 电子资源: | ||
| ISBN: | ||
| 000 | 00685nam0 2200253 45 | |
| 001 | 0182001909 | |
| 005 | 20040505101930.3 | |
| 010 | @dCNY1.15 | |
| 091 | @a7111.1172 | |
| 100 | @a19950615d1982 demy0chiy0121 ea | |
| 101 | 0 | @achi |
| 102 | @aCN@b440000 | |
| 105 | @ay z 000yy | |
| 106 | @ar | |
| 200 | 10 | @a中学语文文言虚词通释@Azhong xue yu wen wen yan xu ci tong shi@f李建民著 |
| 210 | @a广州@c广东人民出版社@d1982 | |
| 215 | @a462页@d19cm | |
| 606 | @a古汉语虚词@x中学@x教学参考资料 | |
| 690 | @aG634.3@v3 | |
| 690 | @aG633.3 | |
| 701 | 0 | @a李建民@Ali jian min@4著 |
| 801 | 0 | @aCN@b上海图书馆@c20040505 |
| 801 | 2 | @aCN@bNLC@c20040505 |
| 905 | @f1@b173506@dG633.3@e131 | |
| 中学语文文言虚词通释/李建民著.-广州:广东人民出版社,1982 |
| 462页;19cm |
| ISBN :CNY1.15 |
| ● |
| 相关链接 |
|
|
|
|
正题名:中学语文文言虚词通释
索取号:G633.3/131
 
预约/预借
| 序号 | 登录号 | 条形码 | 馆藏地/架位号 | 状态 | 备注 |
| 1 | 0173506 | 000238353 | 密集书库/ [索取号:G633.3/131] | 在馆 | |
| 2 | 0173507 | 000238362 | 第一样本阅览室/ [索取号:G633.3/131] | 在馆 |